| 000 | 00938nam a2200217 i 4500 | ||
|---|---|---|---|
| 001 | 177121 | ||
| 003 | ES-MaACL | ||
| 005 | 20250808062830.0 | ||
| 008 | 110304s2010 sp |||| | spa d | ||
| 020 | _a978-84-220-1506-2 | ||
| 080 | _a24(081) Francisco de Sales, Santo | ||
| 100 | 0 |
_aFrancisco de Sales _cSanto. _952194 |
|
| 245 | 1 | 0 |
_aObras selectas. _nI, _pIntroducción a la vida devota ; Sermones escogidos ; Conversaciones espirituales / _cSan Francisco de Sales ; texto preparado por Eugenio Alburquerque Frutos, sobre la edición típica de las "Obras completas" de Annecy (segunda edición). |
| 260 |
_aMadrid : _bBiblioteca de Autores Cristianos, _c2010. |
||
| 300 |
_aXXXIV, 852 p. : _bil. ; _c20 cm. |
||
| 490 | 1 |
_aBiblioteca de autores cristianos ; _v695 |
|
| 700 | 1 |
_aAlburquerque, Eugenio. _9145465 |
|
| 830 | 0 | 0 |
_aBiblioteca de autores cristianos _v695 _9178679 |
| 852 |
_aES-MaACL _jJ-683 |
||
| 999 |
_c177121 _d177121 |
||